000 00326nam a2200109Ia 4500
008 220216s9999 xx 000 0 und d
100 _aSusaevee Punpichaya
245 0 _aWood production and lumber recovery of four recommended rubber clones
260 _bThe Rubber International Magazine
_c2009
300 _a20-3
942 _cJS
999 _c72475
_d72475